| 000 | 004380000a22001690004500 | ||
|---|---|---|---|
| 003 | MACL | ||
| 005 | 20160101141915.0 | ||
| 008 | 160101b xxu||||| |||| 00| 0 eng d | ||
| 040 |
_aMACL _cMACL |
||
| 041 | _aEnglish | ||
| 082 | _a400/RUSS | ||
| 100 |
_aRussell, Bertrand _921287 |
||
| 245 | _aAn Inquiry into Meaning And Truth | ||
| 260 |
_bGeorge Allen & Unwing _c1951 _aLondon |
||
| 650 |
_aLanguage _926424 |
||
| 942 |
_cBK _k400/Rus _2ddc |
||
| 999 |
_c35063 _d35063 |
||